| 000 | 01099cam a22003375a 4500 | ||
|---|---|---|---|
| 001 | 14978010 | ||
| 005 | 20171206151805.0 | ||
| 006 | m||||fq||b 00| 0 | ||
| 008 | 070823t2008 nyua frb 001 0 eng d | ||
| 010 | _a 2007034985 | ||
| 020 | _a9780071283267 | ||
| 020 | _a0071283269 | ||
| 020 | _a9780071284851 | ||
| 020 | _a0071284850 | ||
| 040 |
_aDLC _beng _cDLC _dDLC _dEG-ScBUE |
||
| 082 | 0 | 4 |
_a658.4038 _bOBR _222 |
| 100 | 1 |
_aO'Brien, James A., _d1936- _931047 |
|
| 245 | 1 | 0 |
_aIntroduction to information systems / _cJames A. O'Brien, George M. Marakas. |
| 250 | _a14th ed. | ||
| 260 |
_aNew York : _bMcGraw-Hill / Irwin, _cc.2008. |
||
| 300 |
_axxxii, 557 p. : _bill. (col.) ; _c28 cm. + _e1 CD-ROM (4 3/4 in.) |
||
| 504 | _aIncludes bibliographical references and index. | ||
| 650 | 7 |
_aBusiness _xData processing. _2BUEsh |
|
| 650 | 7 |
_aManagement _xData processing. _2BUEsh |
|
| 650 | 7 |
_aManagement information systems. _2BUEsh |
|
| 650 | 7 |
_aElectronic commerce. _2BUEsh |
|
| 651 | _2BUEsh | ||
| 653 |
_bBUSADM _cDecember2017 |
||
| 700 | 1 |
_aMarakas, George M. _919977 |
|
| 942 | _2ddc | ||
| 999 |
_c25702 _d25674 |
||